Ley 24.660 Ejecucin̤ de la Pena Privativa de la Libertad con las modificaciones de la Ley 27.375

Detalles Bibliográficos
Autor principal: Cesano, Jos ̌Daniel
Otros Autores: Comuęz, Fernando M., Monasterolo, Natalia
Formato: eBook
Lenguaje:español
Publicado: Cr̤doba: Alveroni Ediciones, 2020
Materias:
Acceso en línea:Acceso restringido

MARC

LEADER 00000nam a22000007a 4500
005 20210803231710.0
007 cr|||| ||||
008 210803s2020 ar |||||s|||| 00||0 spa d
020 |a 978-987-643-193-4 
035 |a 35056 
040 |a vLex 
090 |c 11887  |d 11887 
100 1 |a Cesano, Jos ̌Daniel 
245 1 0 |a Ley 24.660 Ejecucin̤ de la Pena Privativa de la Libertad con las modificaciones de la Ley 27.375  |h [Recurso electrn̤ico] /  |c Jos ̌Daniel Cesano, Fernando M. Comuęz, Natalia Monasterolo 
256 |a Servicio en ln̕ea 
260 |a Cr̤doba:  |b Alveroni Ediciones,  |c 2020 
300 |a 1 recurso electrn̤ico 
506 1 |a Disponible solo en los productos indicados  |d vLex Global  |d vLex Global (Academic Edition, excluding Law Schools)  |d vLex Global (U.S. Academic Edition, Law Schools)  |d vLex Global (U.S. Academic Edition, excluding Law Schools)  |d vLex Global (Academic Edition, Law Schools) 
650 0 4 |a Derecho Penal  |z Argentina 
700 1 |a Comuęz, Fernando M. 
700 1 |a Monasterolo, Natalia 
740 0 |a vLex Libros (Servicio en ln̕ea) 
856 4 0 |u https://app.vlex.com/#/sources/35056  |z Acceso restringido 
942 |c BOOK 
999 0 |a Criminal law